[Event "Madrid-ch 2016 Final"]
[Site "Madrid ESP"]
[Date "2016.06.12"]
[Round "7.13"]
[White "Rojas Pozo, Jose Luis"]
[Black "CabaÃ±as Bravo, Juan Andres"]
[Result "0-1"]
[WhiteElo "1992"]
[BlackElo "1992"]
[PlyCount "84"]
[EventDate "2016.06.06"]
[EventType "swiss"]
[EventRounds "7"]
[EventCountry "ESP"]
[SourceTitle "Ajedrez en Madrid"]
[Source "lmi"]
[SourceDate "2016.06.06"]

1. c4 Nf6 2. Nc3 d5 3. cxd5 Nxd5 4. g3 g6 5. Bg2 Nb6 6. Nf3 Bg7 7. O-O O-O 8.
d3 Nc6 9. Bd2 Bf5 10. h3 h5 11. Rb1 Qc8 12. Kh2 a5 13. Nb5 e5 14. Qc1 Re8 15.
Nc3 Nb4 16. a3 Nxd3 17. exd3 Bxd3 18. Re1 Bxb1 19. Qxb1 c6 20. Ng5 Qc7 21. Qa2
Rad8 22. Be3 Re7 23. h4 Nc8 24. Nge4 Ree8 25. Bg5 Rd4 26. Nf6+ Bxf6 27. Bxf6
Re6 28. Bg5 Ne7 29. Rc1 Qb8 30. Bh3 Nf5 31. Re1 b5 32. Qb1 b4 33. Ne2 Rd5 34.
Bxf5 gxf5 35. Qxf5 Qf8 36. Qf3 bxa3 37. bxa3 Qc5 38. Rb1 e4 39. Qf4 Rf5 40. Rc1
Rxf4 41. Rxc5 Rxf2+ 42. Kg1 Rxe2 0-1

[Event "Madrid-ch 2016 Final"]
[Site "Madrid ESP"]
[Date "2016.06.12"]
[Round "7.14"]
[White "Martin Martin, Luis Vicente"]
[Black "Aguilera Lopez, Alejandro"]
[Result "0-1"]
[WhiteElo "2017"]
[BlackElo "2011"]
[PlyCount "76"]
[EventDate "2016.06.06"]
[EventType "swiss"]
[EventRounds "7"]
[EventCountry "ESP"]
[SourceTitle "Ajedrez en Madrid"]
[Source "lmi"]
[SourceDate "2016.06.06"]

1. d4 d5 2. Bf4 Nf6 3. e3 Bf5 4. c4 e6 5. Nc3 c6 6. Qb3 Qc8 7. Nf3 Nbd7 8. Rc1
Be7 9. h3 O-O 10. Be2 a5 11. O-O Ne4 12. cxd5 Nxc3 13. bxc3 exd5 14. c4 a4 15.
Qb2 a3 16. Qb3 Nf6 17. cxd5 Nxd5 18. Bg3 Nb4 19. Nd2 Be6 20. Bc4 b5 21. Bxe6
Qxe6 22. Ra1 Rfd8 23. Qxe6 fxe6 24. Nb3 Nd3 25. Rfd1 Nb2 26. Rd2 c5 27. dxc5
Rxd2 28. Nxd2 Bxc5 29. Ne4 Be7 30. Be5 b4 31. Rb1 Nd3 32. Bd6 Bxd6 33. Nxd6 Nb2
34. Kf1 b3 35. Ra1 Nd3 36. axb3 a2 37. Ne4 Nb4 38. Nc3 Ra3 0-1